Wszystkie kluby, które zagrały w Lidze Europy - Statystyki

Ogólne statystyki
  • Ten quiz został rozwiązany 1 168 razy
  • Średni wynik to 69 z 242
Statystyki odpowiedzi
Państwo Kluby % Poprawnych
Polska Legia Warszawa
82%
Anglia Manchester United
82%
Polska Lech Poznań
81%
Anglia Manchester City
75%
Anglia Arsenal
74%
Anglia Chelsea
74%
Anglia Liverpool
73%
Polska Raków Częstochowa
70%
Francja Olympique Lyon
66%
Polska Wisła Kraków
65%
Anglia Aston Villa
62%
Czechy Sparta Praga
61%
Holandia Ajax Amsterdam
60%
Niemcy Borussia Dortmund
59%
Dania FC Kopenhaga
59%
Hiszpania Atlético Madryt
58%
Szkocja Celtic
57%
Grecja Olympiakos Pireus
57%
Portugalia FC Porto
56%
Włochy Inter Mediolan
56%
Włochy AC Milan
55%
Hiszpania FC Barcelona
55%
Szkocja Rangers
55%
Portugalia Sporting Lizbona
55%
Włochy Juventus
54%
Holandia PSV Eindhoven
53%
Austria Austria Wiedeń
52%
Ukraina Dynamo Kijów
52%
Hiszpania Sevilla
52%
Włochy AS Roma
51%
Niemcy Bayer 04 Leverkusen
50%
Czechy Slavia Praga
50%
Austria Red Bull Salzburg
49%
Grecja AEK Ateny
48%
Turcja Galatasaray
48%
Finlandia HJK Helsinki
48%
Włochy SSC Napoli
48%
Hiszpania Athletic Bilbao
47%
Rosja CSKA Moskwa
47%
Hiszpania Real Betis
47%
Belgia RSC Anderlecht
47%
Anglia Everton
46%
Austria Rapid Wiedeń
46%
Hiszpania Valencia
46%
Włochy SS Lazio
45%
Anglia Tottenham Hotspur
45%
Portugalia Benfica Lizbona
44%
Białoruś Dynamo Mińsk
44%
Turcja Fenerbahçe
44%
Holandia Feyenoord Rotterdam
44%
Serbia FK Crvena zvezda
44%
Chorwacja Hajduk Split
44%
Ukraina Szachtar Donieck
44%
Rosja Zenit Petersburg
44%
Belgia Club Brugge
43%
Szwecja Malmö
43%
Portugalia SC Braga
43%
Belgia KRC Genk
42%
Rosja Spartak Moskwa
42%
Francja AS Monaco
41%
Niemcy Hertha BSC
41%
Francja Paris Saint-Germain
41%
Turcja Beşiktaş
40%
Szwajcaria FC Basel
40%
Niemcy FC Schalke 04
40%
Francja Lille OSC
40%
Hiszpania Real Sociedad
40%
Hiszpania Villarreal
40%
Szwajcaria BSC Young Boys
39%
Włochy Fiorentina
39%
Kazachstan FK Astana
39%
Norwegia FK Bodø/Glimt
39%
Belgia KAA Gent
39%
Słowacja Slovan Bratysława
39%
Austria Sturm Graz
39%
Anglia Crystal Palace
38%
Serbia FK Partizan
38%
Niemcy Hamburger SV
38%
Anglia Leicester City
38%
Białoruś BATE Borysów
37%
Anglia West Ham United
37%
Cypr APOEL
36%
Włochy Atalanta Bergamo
36%
Anglia Brighton & Hove Albion
36%
Anglia Newcastle United
36%
Chorwacja Dinamo Zagrzeb
35%
Grecja Panathinaikos
35%
Mołdawia Sheriff Tyraspol
35%
Niemcy 1. FC Köln
34%
Holandia AZ Alkmaar
34%
Anglia Nottingham Forest
34%
Francja Olympique Marsylia
34%
Dania Brøndby
33%
Rumunia FC FCSB
33%
Węgry Ferencvárosi TC
33%
Anglia Fulham
33%
Francja RC Lens
33%
Niemcy Borussia Mönchengladbach
32%
Anglia Southampton
32%
Bułgaria CSKA Sofia
31%
Niemcy Eintracht Frankfurt
31%
Francja Girondins Bordeaux
31%
Cypr Omonia Nikozja
31%
Niemcy SV Werder Bremen
31%
Niemcy 1. FC Union Berlin
30%
Bułgaria Łudogorec Razgrad
30%
Słowenia NK Maribor
30%
Włochy Torino
30%
Turcja Trabzonspor
30%
Belgia Royal Antwerp
29%
Rumunia CFR 1907 Cluj
28%
Azerbejdżan Karabach Agdam
28%
Austria LASK Linz
28%
Grecja PAOK Saloniki
28%
Francja Stade Rennais
28%
Czechy Viktoria Pilzno
28%
Włochy Bologna FC 1909
27%
Hiszpania Celta Vigo
27%
Luksemburg F91 Dudelange
27%
Hiszpania Getafe
27%
Hiszpania RCD Espanyol
27%
Norwegia Rosenborg
27%
Rosja Rubin Kazań
27%
Włochy Udinese Calcio
27%
Norwegia Molde
26%
Chorwacja Rijeka
26%
Niemcy 1. FSV Mainz 05
25%
Dania FC Midtjylland
25%
Holandia FC Twente
25%
Szwajcaria FC Zürich
25%
Izrael Maccabi Hajfa
25%
Włochy Palermo
25%
Belgia Royal Standard de Liège
25%
Szwecja AIK
24%
Portugalia Vitória Guimarães
24%
Dania Aalborg BK
23%
Ukraina FK Dnipro
23%
Rosja FK Krasnodar
23%
Włochy Genoa
23%
Holandia FC Utrecht
22%
Izrael Maccabi Tel Awiw
22%
Niemcy TSG 1899 Hoffenheim
22%
Rosja Kubań Krasnodar
21%
Rosja Lokomotiw Moskwa
21%
Niemcy VfB Stuttgart
21%
Turcja İstanbul Başakşehir
20%
Niemcy RB Leipzig
20%
Irlandia Shamrock Rovers
20%
Rumunia Steaua Bukareszt
20%
Niemcy VfL Wolfsburg
20%
Irlandia Dundalk
19%
Portugalia Rio Ave
19%
Włochy US Sassuolo
19%
Macedonia Północna Wardar Skopje
19%
Grecja Aris Saloniki
18%
Rosja Dinamo Moskwa
17%
Holandia FC Groningen
17%
Izrael Hapoel Tel Awiw
17%
Dania Odense
17%
Francja OGC Nice
17%
Belgia Royale Union Saint-Gilloise
17%
Francja Toulouse
17%
Cypr AEK Larnaka
16%
Izrael Hapoel Beer Szewa
16%
Czechy Slovan Liberec
16%
Hiszpania Levante
15%
Bułgaria Lewski Sofia
15%
Ukraina Metalist Charków
15%
Anglia Wolverhampton Wanderers
15%
Rosja Anży Machaczkała
14%
Anglia Birmingham City
14%
Cypr Apollon Limassol
13%
Niemcy Hannover 96
13%
Anglia Stoke City
13%
Anglia Wigan Athletic
13%
Austria Wolfsberger AC
13%
Szwajcaria FC Lugano
12%
Szwajcaria FC Sion
12%
Hiszpania Granada
12%
Ukraina Karpaty Lwów
12%
Rumunia Rapid Bukareszt
12%
Niemcy SC Freiburg
12%
Szwajcaria Servette
12%
Norwegia SK Brann
12%
Słowacja Spartak Trnawa
12%
Norwegia Tromsø
12%
Ukraina Zoria Ługańsk
12%
Cypr AEL Limassol
11%
Rumunia Dinamo Bukareszt
11%
Francja FC Nantes
11%
Rosja FK Rostów
11%
Serbia FK TSC Bačka Topola
11%
Holandia Go Ahead Eagles
11%
Turcja Konyaspor
11%
Holandia Vitesse
11%
Cypr Aris Limassol
10%
Szwajcaria FC Lausanne-Sport
10%
Szwajcaria FC Thun
10%
Łotwa FK RFS
10%
Holandia SC Heerenveen
10%
Anglia Swansea City
10%
Francja AS Saint-Étienne
9%
Niemcy FC Augsburg
9%
Węgry Fehérvár
9%
Turcja Sivasspor
9%
Portugalia CF Os Belenenses
8%
Czechy FC Zlín
8%
Azerbejdżan Neftçi
8%
Albania Skënderbeu Korcza
8%
Azerbejdżan Gabala
7%
Portugalia GD Estoril Praia
7%
Szwecja Helsingborgs IF
7%
Szwecja IF Elfsborg
7%
Belgia KSC Lokeren
7%
Belgia SV Zulte Waregem
7%
Portugalia Académica Coimbra
6%
Rumunia Astra Giurgiu
6%
Szwecja BK Häcken
6%
Portugalia CD Nacional
6%
Francja En Avant Guingamp
6%
Czechy FK Jablonec
6%
Grecja Asteras Tripolis
5%
Portugalia CS Marítimo
5%
Dania Esbjerg
5%
Portugalia FC Paços de Ferreira
5%
Ukraina FK Ołeksandrija
5%
Łotwa FK Ventspils
5%
Turcja Osmanlıspor
5%
Szwecja Östersunds FK
5%
Rumunia Politehnica Timișoara
5%
Kazachstan Szachtior Karaganda
5%
Rumunia Unirea Urziceni
5%
Ukraina Worskła Połtawa
5%
Ukraina Czornomoreć Odessa
4%
Węgry Debreczyn VSC
4%
Szwajcaria FC Sankt Gallen
4%
Rumunia Pandurii Târgu Jiu
4%
Norwegia Sarpsborg 08
4%
Turcja Akhisarspor
3%
Rumunia FC Vaslui
3%
Izrael Hapoel Ironi Kirjat Szemona
3%
Włochy UC Sampdoria
3%
Nie znaleziono quizów pasujących do podanych kryteriów
Rozkład punktacji
Procent ludzi z każdym wynikiem
Percentyl według liczby udzielonych odpowiedzi
Twoja historia wyników
Nie rozwiązałeś tego quizu